| 000 | 00914nam a2200265 a 4500 | ||
|---|---|---|---|
| 001 | BRCA_4456 | ||
| 005 | 20190320204658.0 | ||
| 008 | 060910s1909----enka######---#000-0#eng-# | ||
| 041 | _aeng | ||
| 044 | _aenk | ||
| 050 | 4 |
_aDP17 _b.C35 8 _c1909 |
|
| 100 | 1 |
_aCalvert, Albert F. _d1872-1946 _911288 |
|
| 245 | 1 | 0 |
_aEl Greco _bAn account of his life and works _cby Albert F. Calvert and C. Gasquoine Hartley. |
| 260 |
_aLondres: Nueva York _bJohn Lane, The Bodley Head _c1909 |
||
| 300 |
_axii, 188 p. (v.8) _bil., 136 láminas _c20 cm. |
||
| 440 | 0 |
_aThe spanish series _v8 _911289 |
|
| 500 | _aIncluye índice de ilustraciones | ||
| 500 | _aLomo superior deteriorado | ||
| 500 | _aPrimeras páginas y láminas marcadas | ||
| 500 | _aCEO7 | ||
| 600 | 1 | 4 |
_aDoménikos Theotokópoulos _cEl Greco _d1541-1614 _xPintores españoles _911290 |
| 700 | 1 |
_aGasquoine Hartley, C. _911291 |
|
| 902 | _aGFM | ||
| 942 |
_2lcc _cB |
||
| 999 |
_c4162 _d4162 |
||